00309nam a22000977a 4500082001200000100004900012245004900061260006400110300000700174650003000181 a266 COU aCouncil of the Evangilical Church in Germany aThe Devolopment Service of the Church-, .... aGermanybCouncil of the Evangilical Church in Germanyc1973 a65 aChurch & Social Problems